书目信息 |
| 题名: |
星 思维
|
|
| 作者: | 侯江林 主编 ;星艺装饰文化传媒中心 编著 | |
| 分册: | ||
| 出版信息: | 广州 暨南大学出版社 2020.11 |
|
| 页数: | 223页 | |
| 开本: | 28cm | |
| 丛书名: | ||
| 单 册: | ||
| 中图分类: | TU206 | |
| 科图分类: | ||
| 主题词: | 建筑设计--jian zhu she ji--作品集--中国--现代 | |
| 电子资源: | ||
| ISBN: | 978-7-5668-2968-9 | |
| 000 | 01214nam0 2200265 450 | |
| 001 | CAL 0120203125982 | |
| 005 | 20201231103808. | |
| 010 | @a978-7-5668-2968-9@b精装@dCNY188.00 | |
| 100 | @a20201230d2020 em y0chiy0120 ea | |
| 101 | 0 | @achi@aeng |
| 102 | @aCN@b440000 | |
| 105 | @aa z 000yy | |
| 106 | @ar | |
| 200 | 1 | @a星 思维@Axing si wei@d= Stellar thoughts@e第八届“星艺杯”设计大赛获奖作品集@f主编侯江林@g星艺装饰文化传媒中心编著@zeng |
| 210 | @a广州@c暨南大学出版社@d2020.11 | |
| 215 | @a223页@c彩图@d28cm | |
| 330 | @a本书为星艺装饰集团第八届“星艺杯”设计大赛获奖作品集, 分为住宅和公共两大类, 收录了77个工程实景作品和方案设计作品, 不仅以大量高清图片展示了每个作品的设计细节, 还以中英文对照的形式生动阐述了每个作品的设计理念, 具有一定的观赏性和可读性。 | |
| 510 | 1 | @aStellar thoughts@zeng |
| 517 | 1 | @a第八届“星艺杯”设计大赛获奖作品集@Adi ba jie “ xing yi bei ” she ji da sai huo jiang zuo pin ji |
| 606 | 0 | @a建筑设计@Ajian zhu she ji@x作品集@y中国@z现代 |
| 690 | @aTU206@v5 | |
| 701 | 0 | @a侯江林@Ahou jiang lin@4主编 |
| 712 | 02 | @a星艺装饰文化传媒中心@Axing yi zhuang shi wen hua chuan mei zhong xin@4编著 |
| 801 | 0 | @aCN@b人天书店@c20201230 |
| 905 | @aTSG@b0000177@dTU206@eH424@f1 | |
| 星 思维= Stellar thoughts:第八届“星艺杯”设计大赛获奖作品集/主编侯江林/星艺装饰文化传媒中心编著.-广州:暨南大学出版社,2020.11 |
| 223页:彩图;28cm |
| ISBN 978-7-5668-2968-9(精装):CNY188.00 |
| 本书为星艺装饰集团第八届“星艺杯”设计大赛获奖作品集, 分为住宅和公共两大类, 收录了77个工程实景作品和方案设计作品, 不仅以大量高清图片展示了每个作品的设计细节, 还以中英文对照的形式生动阐述了每个作品的设计理念, 具有一定的观赏性和可读性。 |
| ● |
| 相关链接 |
|
|
|
正题名:星 思维
索取号:TU206/H424
 
预约/预借
| 序号 | 登录号 | 条形码 | 馆藏地/架位号 | 状态 | 备注 |
| 1 | 1533873 | 215338739 | 建筑库101/101建筑库 41排2列3层/ [索取号:TU206/H424] | 在馆 |